Tilastot visalle Suomen suurimmat kauppakeskukset

Klikkaa tästä pelataksesi tätä visaa!

Yleistilastot

  • Tätä visaa on pelattu 319 kertaa
  • Keskiarvotulos 9 / 20

Vastaustilastot

KaupunkiPinta-ala (m²)Kauppakeskus% Oikein
Lempäälä103 027Ideapark
87%
Espoo84 400Iso Omena
79%
Vantaa85 000Jumbo
79%
Helsinki31 573Kamppi
70%
Espoo91 700Sello
69%
Helsinki39 950Forum
61%
Helsinki78 562Itis
60%
Helsinki59 000REDI
56%
Tampere50 896Ratina
45%
Raisio58 695Mylly
39%
Vantaa31 100Myyrmanni
35%
Kouvola40 876Veturi
34%
Kuopio31 701Matkus
28%
Turku51 688Hansa
24%
Helsinki45 302Kaari
24%
Hyvinkää51 101Willa
24%
Pori35 683Puuvilla
20%
Vantaa44 875Flamingo
19%
Lahti33 500Karisma
19%
Turku35 228Skanssi
19%

Tulosjakauma

Persentiili vastausten määrän mukaan

Jokaisen tuloksen saaneiden osuus

Tuloshistoriasi

Et ole pelannut tätä visaa